Á lódáil...

Mythologies

Sonraí Bibleagrafaíochta
Príomhúdar: Barthes Roland
Formáid: Printed Book
Teanga:English
Foilsithe: London : Vintage,
Sraith:1972
Ábhair:
LEADER 005010000a22001930004500
005 20200217203011.0
060 |a 100 
245 |a Mythologies 
260 |a London :  |b Vintage, 
440 |a 1972 
100 |a Barthes  |b Roland  |f Author 
650 |a Myth 
041 |a eng 
050 |a 010 
022 |a 11861  |c AV 
082 |a 809.937  |d BAR 
942 |c BK 
999 |c 271866  |d 271866 
952 |0 0  |1 0  |4 0  |6 809_937000000000000_BAR  |7 0  |9 288954  |a ENG  |b ENG  |d 2019-09-26  |l 0  |o 809.937 BAR  |p ENG11861  |r 2019-09-26  |w 2019-09-26  |y BK